A princesa: (Record no. 87)

MARC details
000 -LÍDER
campo de controle de tamanho fixo 01907nam a2200361 4500
001 - NÚMERO DE CONTROLE
campo de controle 87
003 - IDENTIFICADOR DO NÚMERO DE CONTROLE
campo de controle OSt
005 - DATA E HORÁRIO DA ÚLTIMA TRANSAÇÃO
campo de controle 20250528074011.0
008 - CAMPO DE DADOS FIXOS--INFORMAÇÃO GERAL
campo de controle de tamanho fixo 250123b |||||||d |||| 00| 1 eng d
020 ## - ISBN - INTERNATIONAL STANDARD BOOK NUMBER
ISBN - International Standard Book Number 850106808X
040 ## - FONTE DA CATALOGAÇÃO
Idioma da catalogação por
041 ## - CÓDIGO DE IDIOMA
Código do idioma do original e/ou traduções intermediárias do texto eng
Código do idioma do texto/trilha sonora ou título diferente por
082 ## - CDD - CLASSIFICAÇÃO DECIMAL DE DEWEY
Número de Classificação 028.5
Número do exemplar C116p
100 1# - ENTRADA PRINCIPAL--NOME PESSOAL
Nome pessoal Cabot, Meg,
Datas associadas ao nome 1967-
9 (RLIN) 199
240 ## - TÍTULO UNIFORME
Título uniforme Princess in waiting
245 ## - TÍTULO
Título A princesa:
Restante do título À espera /
Indicação de responsabilidade, etc. Cabot, Meg ; Tradução de Maria Clara de Oliveira
250 ## - EDIÇÃO
Declaração de edição 7° edição
260 ## - PUBLICAÇÃO, DISTRIBUIÇÃO, ETC.
Local de publicação, distribuição, etc. Rio de Janeiro
Nome do editor, distribuidor, etc. Record
Data da publicação, distribuição, etc. 2006
300 ## - DESCRIÇÃO FÍSICA
Extensão 256 p.
490 1# - TÍTULO DA SÉRIE
Título da série O diário da Princesa
Número do volume ou designação sequencial da série Livro 04
500 ## - NOTA GERAL
Nota geral A Princesa à espera<br/><br/>Sequência de: A princesa apaixoanada
520 ## - NOTA DE RESUMO, ETC.
Resumo, etc. Mia Thermopolis, a princesinha que encantou jovens de todo o mundo no romance e no filme O diário da princesa, está de volta. Neste novo e quarto volume da série, A princesa à espera, Mia, depois de finalmente ter conquistado o coração do rapaz por quem era apaixonada, Michael Moscovitz, precisa passar as férias na Genovia, a milhares de quilômetros de seu amado.<br/><br/><br/>O livro é uma indiscreta espiadela num mundo totalmente selvagem. Cada página, o resumo perfeito das agruras e neuroses dos adolescentes. Desde amores não-correspondidos, até dias de cabelo ruim, passando por dúvidas existenciais e movimentos para salvar o planeta. Não esquecendo conflitos nada clássicos com os pais - a mãe de Mia está grávida de um de seus professores e o pai insiste que ela ande numa limusine com seguranças -, festas de arromba, roupas e ensaios para beijos franceses.
650 #0 - ASSUNTO--TERMO TÓPICO
Cabeçalho tópico ou nome geográfico Literatura Americana
9 (RLIN) 84
650 #0 - ASSUNTO--TERMO TÓPICO
Cabeçalho tópico ou nome geográfico Humor
9 (RLIN) 60
650 #0 - ASSUNTO--TERMO TÓPICO
Cabeçalho tópico ou nome geográfico Amor e Paixão
9 (RLIN) 25
650 #0 - ASSUNTO--TERMO TÓPICO
Cabeçalho tópico ou nome geográfico Infantojuvenil
9 (RLIN) 200
650 #0 - ASSUNTO--TERMO TÓPICO
Cabeçalho tópico ou nome geográfico Filme
9 (RLIN) 26
655 #0 - TERMO DE ÍNDICE--GÊNERO E FORMA
Gênero/forma/ou termo foco Romance
655 #0 - TERMO DE ÍNDICE--GÊNERO E FORMA
Gênero/forma/ou termo foco Ficção
700 ## - ENTRADA ADICIONADA - NOME PESSOAL
Nome pessoal Maria Claudia de Oliveira
Função do autor por extenso Tradutor
9 (RLIN) 202
830 ## - ENTRADA SECUNDÁRIA DE SÉRIE--TÍTULO UNIFORME
Título uniforme O diário da princesa
Número do volume ou designação sequencial da série Livro 04
9 (RLIN) 201
942 ## - ELEMENTOS DE ENTRADA ADICIONADOS (KOHA)
Fonte de classificação ou esquema de arquivamento Classificação decimal de Dewey
Ocultar no OPAC Não
Tipo de material Koha Livros
Holdings
Situação do descarte Situação das perdas Fonte de classificação ou esquema de arquivamento Materiais especificados (volume encadernado ou outra parte) Status danificado Não pode ser emprestado Coleção Biblioteca de origem Biblioteca atual Localização na estante Data de aquisição Fonte de aquisição Total de empréstimos Número de chamada completo Código de barras Data de último acesso Data do preço efetivo Tipo de material Koha
    Classificação decimal de Dewey vol. 04     Ficção Biblioteca Professor Eduardo Afonso de Castro Biblioteca Professor Eduardo Afonso de Castro Infanto Juvenil 17.11.2021 doação   IJ 028.5 / C116p 2025-16655 23.01.2025 23.01.2025 Livros

Powered by Koha